Statistics for F1 Max Verstappen Career

Click here to take the quiz!

General Stats

  • This quiz has been taken 249 times
    (244 since last reset)
  • The average score is 11 of 15

Answer Stats

HintAnswer% Correct
How many world championships has he scored?1
96%
What number is he using?1
96%
How many teammates has he had?5
94%
Did Max Verstappen go into F2?No
93%
Has Verstappen done a Grand Slam?Yes
92%
How many years has he driven in F1?8
90%
True or False? Did Verstappen win in China?False
90%
What team was he driving for when he won his first race?Red Bull
90%
What team did he start his F1 career with?Toro Rosso
84%
How many wins does he have right now?24
76%
How many pole positions has Max Verstappen had?14
71%
How many podiums has he scored in F1?64
58%
When did he score his first win?Spain 2016
47%
When did he score his first points?Malaysia 2015
29%
When was the last race he won?Spain 2022
28%

Score Distribution

Percentile by Number Answered

Percent of People with Each Score

Your Score History

You have not taken this quiz since the last reset